Statistiques concernant Harry Potter: le Mariage de Bill et Fleur

Cliquez ici pour prendre le quiz!

Statistiques générales

  • Ce quiz a été pris 61 fois
  • Le résultat moyen est 20 sur 28

Statistiques - réponses

InformationRéponses% Correct
Marié Bill Weasley
98%
Mariée Fleur Delacour
98%
Invité connuHarry Potter
96%
Première apparitionHarry Potter et les Reliques de la Mort
96%
Dernière apparitionHarry Potter et les Reliques de la Mort
96%
Invité connuHermione Granger
96%
Invitée connueMolly Weasley
94%
Invité connuArthur Weasley
92%
Demoiselle d'honneurGinny Weasley
92%
Invité connuRon Weasley
92%
Invité connuFred Weasley
90%
Première mentionHarry Potter et le Prince de Sang-Mêlé
88%
LieuLe Terrier
88%
Invité connuGeorge Weasley
86%
Invité connuCharlie Weasley
84%
Demoiselle d'honneurGabrielle Delacour
84%
Invité connuPercy Weasley
78%
Invitée connueNymphadora Tonks
63%
Invité connuRemus Lupin
63%
Invitée connueLuna Lovegood
61%
Invité connuXenophilius Lovegood
61%
Invité connuElphias Doge
59%
Invité connuRubeus Hagrid
43%
Invité connuMonsieur Delacour
24%
Invitée connueApolline Delacour
20%
Date 1er aout 1997
14%
Invité connuLee Jordan
12%
Invité connuPerkins
2%

Distribution des résultats

Percentile par nombre de réponses

% des personnes avec chaque résultat

Votre développement - résultats

Vous n’avez pas pris ce quiz